000
00303 a2200157 4500
001
158092
020
_a
040
_c
Magnum
100
_a
-
240
1
0
_a
Almanaque abril 1995
_l
por
245
1
0
_a
Almanaque abril 1995
362
0
_a
1899
440
1
_a
Abril
697
_a
PERIODICOS
942
_c
BK
999
_c
158092
_d
158092